Quick Pick: SNL Cast Quiz Stats

 Plays Quiz Updated Jul 23, 2016

Challenge
Share
Tweet
Embed
Score 0/16 Timer 01:30
0 Plays Today
% Correct
Amy Poehler
91.2%
Adam Sandler
88.3%
Bill Murray
86.8%
David Spade
85.5%
Jane Curtin
83%
Kenan Thompson
81.3%
Kevin Nealon
80.9%
Bill Hader
80.6%
% Correct
Cheri Oteri
77.9%
Will Forte
77%
Julia Louis-Dreyfus
76.3%
Al Franken
75.2%
Laraine Newman
69.6%
Victoria Jackson
67.8%
Cecily Strong
65.2%
Colin Jost
61.1%

Today's Daily Dose

You're not logged in!

Compare scores with friends on all Sporcle quizzes.
Join for Free
OR
Log In

You Might Also Like...

Show Comments

Extras

Top Quizzes Today


Score Distribution

Your Account Isn't Verified!

In order to create a playlist on Sporcle, you need to verify the email address you used during registration. Go to your Sporcle Settings to finish the process.

Report this User

Report this user for behavior that violates our Community Guidelines.

Details: